General Knowledge #7 - Statistics

General Stats
  • This quiz has been taken 38 times
  • The average score is 6 of 15
Answer Stats
Question Answer % Correct
This tennis Grand Slam founded in 1877 is the oldest tournament B. Wimbledon
85%
Svalbard Gene Bank also known as Doomsday Vault is located in A. Norway
70%
Frankie Knuckles and Grammy-winning duo Justice are old and new icons of what danceable genre of electronic music, which was born in Chicago about 40 years ago? House
70%
Mount Ibu, part of the Pacific Ring of Fire, has erupted 1,000 times in the month of January, 2025 belongs to B. Indonesia
55%
The first Grammy Awards or Grammys ceremony was held in B. 1959
50%
Author Barbara Taylor Bradford, best known for this best-selling novel, has died at the age of 91. A. A Woman of Substance
45%
Which of the following countries was the earliest to give women the right to vote C. Australia
40%
Secret “Delilah” Project is related to this pioneer person A. Alan Turing
35%
East London, a city known for its beaches, is located in this country B. South Africa
35%
Tectonic plates are slabs of Rock in Earth's crust and upper mantle. What word designates this portion of Earth's interior C. Lithosphere
35%
Southern Alps, a mountain range, located on the east part of this continent C. Oceania
35%
Which of these is not a conspiracy theory about earth? The south pole is at the center of flat earth
35%
Which gland is large sized at birth but reduces in size with aging? C. Thymus
15%
This sport earlier known as Mintonette was invented in 1895 D. Volleyball
15%
In 1953, the Investment Authority of which country became the world’s first sovereign wealth fund, designed to manage the country’s excess oil wealth C. Kuwait
5%
No matching quizzes found
Score Distribution
Percent of People with Each Score
Percentile by Number Answered
Your Score History
You have not taken this quiz